Normal view
MARC view
Entry Geographic Name
001 - CONTROL NUMBER
- control field: 51096
003 - CONTROL NUMBER IDENTIFIER
- control field: ARRUPE
005 - DATE AND TIME OF LATEST TRANSACTION
- control field: 20220401080039.0
008 - FIXED-LENGTH DATA ELEMENTS
- fixed length control field: 220401|| aca||aabn | a|a d
040 ## - CATALOGING SOURCE
- Original cataloging agency: ARRUPE
- Transcribing agency: ARRUPE
151 ## - HEADING--GEOGRAPHIC NAME
- Geographic name: France
- General subdivision: History
- Chronological subdivision: Revolution, 1789-1799
670 ## - SOURCE DATA FOUND
- Source citation: Work cat.: (ARRUPE)131181: Bates, David William. 51094, Enlightenment aberrations :, 2002.